Kate Winslet Movies - Sudden Death - Statistics

General Stats
  • This quiz has been taken 263 times
  • The average score is 7 of 17
Answers on the Grid
Answers color-coded by a green-red scale on the quiz's grid according to % correct below.
Lee
Steve Jobs
The Reader
Love Actually
The Other Boleyn Girl
The Curious Case of Benjamin Button
Little Children
Holy Smoke!
The King’s Speech
A United Kingdom
Sense and Sensibility
A Little Bit of Heaven
Ocean’s Eight
The Talented Mr. Ripley
The Mountain Between Us
A Little Chaos
Jude
Children of Men
The Divergent Series: Insurgent
Revolutionary Road
Doubt
Quills
Titanic
Labor Day
Nine
Beautiful Creatures
Eternal Sunshine of the Spotless Mind
Avatar: The Way of Water
The Hours
The Maze Runner
The Best Exotic Marigold Hotel
The Holiday
 
Answer Stats
Answer % Correct
Titanic
74%
The Reader
72%
The Holiday
61%
Sense and Sensibility
60%
Eternal Sunshine of the Spotless Mind
55%
Revolutionary Road
55%
Lee
46%
Steve Jobs
45%
Avatar: The Way of Water
36%
The Divergent Series: Insurgent
36%
The Mountain Between Us
36%
Little Children
34%
Holy Smoke!
24%
Quills
21%
Jude
20%
Labor Day
18%
A Little Chaos
14%
No matching quizzes found
Score Distribution
Percent of People with Each Score
Percentile by Number Answered
Your Score History
You have not taken this quiz